00614nam a2200193Ia 4500008004100000020001400041082001400055100002100069245002200090250000700112260004400119300002700163500001900190600002100209650005000230942000700280952011600287999001700403240925s9999 xx 000 0 und d a764579711 a006.6 MUR aMurdock ,Kelly L 0a3ds Max ®7 Bible aNA aNew Jersey:bJohn wiley & Sonsc,2005. axvi,527p.b0fOriginal aIncludes Index aComputer Science aComputer science, information & general works cBK 001040708CSaUITUbUITUd2009-01-27eF.B.Cg620.60l0o006.6 MURpQ7700r2024-09-25 07:14:42w2024-09-25yBK c10199d10199